00877cam a2200241 a 450000100100000000500170001000800410002702000150006803500190008304000300010208200210013210000280015324500920018126000920027330000360036549000250040150400320042665000480045865000280050665000400053470000340057483000270060800001105920200929162341.0840426s1983 sp ac b 000 0cspa d a840005329X a(DLC) 84154733 aDO-SdBNPcDLCdDLCdBNPHU a610.924655bZ93m1 aZubiri Vidal, Fernando.10aMédicos aragoneses ilustres /cFernando Zubiri Vidal ; prólogo Ricardo Horno Liria. aZaragoza :bDiputación Provincial,bInstitución "Fernando el Católico",c[1983?]. a395 p. :bil., retrs. ;c22 cm.1 aTemas aragonesesv45 aBibliografía (p. 393-395) 4aMédicoszEspañazAragónxBiografías 4aMédicosxBiografías 4aMédicos españolesxBiografías1 aHorno Liria, Ricardoepról. 0aTemas aragoneses ;v45